Biggest Cities in Europe (Extreme) - Statistics

General Stats
  • This quiz has been taken 1,472 times
    369 since last reset
  • The average score is 233 of 697
Answer Stats
Population Country City % Correct
15,214,177 Türkiye Istanbul
98%
8,908,081 United Kingdom London
98%
3,769,495 Germany Berlin
96%
2,950,800 Ukraine Kyiv
96%
3,223,334 Spain Madrid
96%
11,747,702 Russia Moscow
96%
2,318,895 Italy Rome
96%
4,879,566 Russia Saint Petersburg
96%
1,620,343 Spain Barcelona
95%
1,752,286 Hungary Budapest
95%
2,020,600 Belarus Minsk
95%
1,471,508 Germany München
95%
2,148,271 France Paris
95%
1,888,776 Austria Vienna
95%
1,700,612 Poland Warszawa
95%
2,151,665 Romania Bucharest
94%
1,899,160 Germany Hamburg
94%
1,236,837 Italy Milano
93%
1,324,277 Czechia Prague
93%
1,238,438 Bulgaria Sofia
92%
1,397,939 Serbia Belgrade
91%
1,211,035 Belgium Brussels
91%
741,636 Netherlands Amsterdam
89%
975,904 Sweden Stockholm
89%
1,223,000 United Kingdom Birmingham
88%
864,122 United Kingdom Liverpool
88%
563,561 United Kingdom Manchester
88%
959,477 Italy Napoli
88%
698,966 Croatia Zagreb
88%
650,000 Germany Frankfurt am Main
87%
794,811 France Marseille
87%
742,572 Latvia Riga
87%
1,085,664 Germany Köln
86%
757,611 Poland Kraków
86%
696,731 Bosnia and Herzegovina Sarajevo
85%
814,208 Spain Valencia
85%
664,046 Greece Athens
84%
870,456 Italy Torino
84%
580,000 Norway Oslo
83%
464,990 United Kingdom Edinburgh
82%
591,620 United Kingdom Glasgow
82%
632,340 Denmark København
82%
598,199 Netherlands Rotterdam
82%
554,554 Ireland Dublin
81%
517,802 Portugal Lisbon
81%
1,011,494 Ukraine Odessa
81%
703,206 Spain Sevilla
81%
558,457 Finland Helsinki
80%
455,123 United Kingdom Leeds
80%
717,803 Ukraine Lviv
80%
472,317 France Lyon
80%
648,260 Italy Palermo
80%
589,793 Germany Stuttgart
80%
394,024 Estonia Tallinn
79%
542,366 Lithuania Vilnius
79%
459,805 Belgium Antwerpen
78%
249,633 Portugal Porto
78%
274,770 United Kingdom Belfast
77%
338,620 France Nice
77%
354,860 Spain Bilbao
76%
447,287 United Kingdom Cardiff
76%
573,057 Germany Düsseldorf
76%
258,685 Italy Venezia
76%
231,844 France Bordeaux
75%
635,994 Moldova Chișinău
75%
474,292 Netherlands Den Haag
75%
929,063 Ukraine Donetsk
75%
460,276 Poland Gdańsk
75%
349,296 Italy Firenze
74%
572,799 Sweden Göteborg
74%
1,451,132 Ukraine Kharkiv
74%
423,737 Slovakia Bratislava
73%
580,223 Italy Genoa
73%
515,140 Germany Hannover
73%
192,382 United Kingdom Newcastle-upon-Tyne
73%
474,889 North Macedonia Skopje
73%
341,730 Switzerland Zürich
73%
121,631 Switzerland Bern
72%
617,280 United Kingdom Bristol
72%
301,706 Sweden Malmö
72%
374,801 Albania Tirana
72%
546,501 Germany Bremen
71%
588,462 Germany Dortmund
71%
486,854 Germany Dresden
71%
183,981 Switzerland Geneva
71%
499,237 Germany Nürnberg
71%
354,290 Greece Thessaloníki
71%
190,384 Ireland Cork
70%
504,971 Germany Leipzig
70%
728,892 Poland Łódź
70%
1,089,261 Russia Rostov-na-Donu
70%
568,305 Spain Málaga
69%
685,368 United Kingdom Sheffield
69%
433,055 France Toulouse
69%
593,085 Germany Essen
68%
228,328 France Lille
68%
329,200 United Kingdom Nottingham
68%
277,387 Italy Bari
67%
1,250,619 Russia Nizhny Novgorod
67%
274,845 France Strasbourg
67%
213,585 Norway Bergen
66%
1,143,535 Russia Kazan
66%
272,220 Slovenia Ljubljana
66%
246,201 United Kingdom Southampton
66%
674,317 Spain Zaragoza
66%
366,133 Italy Bologna
65%
998,103 Ukraine Dnipro
65%
277,269 France Nantes
65%
153,377 Austria Salzburg
65%
1,021,215 Russia Volgograd
65%
630,131 Poland Wrocław
65%
313,125 Germany Bonn
64%
176,314 Croatia Split
64%
204,721 Kosovo Pristina
63%
196,670 United Kingdom Aberdeen
62%
136,473 Montenegro Podgorica
62%
300,715 Belarus Brest
61%
144,899 France Brest
61%
369,559 Czechia Brno
61%
508,916 United Kingdom Leicester
61%
219,103 Italy Verona
61%
222,326 Austria Graz
60%
401,270 Spain Palma de Mallorca
60%
290,529 Netherlands Utrecht
60%
164,488 Switzerland Basel
59%
116,709 Belgium Bruges
59%
234,325 Spain Granada
59%
310,764 Poland Katowice
59%
232,758 Germany Kiel
59%
171,380 United Kingdom Oxford
59%
260,203 United Kingdom Plymouth
59%
209,375 France Rennes
59%
416,263 Ukraine / Russia Sevastopol
59%
1,062,319 Russia Ufa
59%
153,717 United Kingdom York
59%
265,208 Germany Aachen
58%
231,493 Belgium Ghent
58%
300,352 United Kingdom Swansea
58%
158,434 United Kingdom Cambridge
57%
290,927 Italy Catania
57%
248,252 France Montpellier
57%
237,551 Denmark Århus
56%
328,428 Spain Córdoba
56%
307,960 Germany Mannheim
56%
481,626 Ukraine Mariupol
56%
139,001 United Kingdom Brighton
55%
316,748 Romania Cluj-Napoca
55%
314,018 United Kingdom Kingston upon Hull
55%
554,696 Poland Poznań
55%
343,334 Russia Sochi
55%
334,757 Spain Alicante
54%
132,493 Austria Innsbruck
54%
374,643 Lithuania Kaunas
54%
182,597 Belgium Liège
54%
410,131 Poland Szczecin
54%
209,620 Netherlands Eindhoven
53%
744,995 Russia Krasnodar
53%
204,846 Austria Linz
53%
436,870 Spain Murcia
53%
215,400 Serbia Novi Sad
53%
340,494 Bulgaria Plovdiv
53%
194,150 United Kingdom Portsmouth
53%
118,918 Iceland Reykjavík
53%
1,164,685 Russia Samara
53%
202,687 Finland Tampere
53%
147,139 Norway Trondheim
53%
246,056 Spain A Coruña
52%
452,000 Ukraine Luhansk
52%
270,184 Germany Münster
51%
213,166 United Kingdom Norwich
51%
991,162 Russia Perm
51%
187,056 Italy Trieste
51%
149,257 Italy Cagliari
50%
307,257 Russia Murmansk
50%
215,963 United Kingdom Northampton
50%
312,770 Bulgaria Varna
50%
359,262 United Kingdom Coventry
49%
146,299 Italy Parma
49%
331,906 Germany Bielefeld
48%
149,782 France Dijon
48%
504,358 Germany Duisburg
48%
431,902 Russia Kaliningrad
48%
175,945 Finland Turku
48%
122,219 Denmark Aalborg
47%
259,196 Germany Augsburg
47%
158,552 France Grenoble
47%
349,103 Poland Lublin
47%
198,293 Germany Rostock
47%
297,332 Spain Vigo
47%
163,600 United Kingdom Bournemouth
46%
137,154 Greece Heraklion
46%
116,751 Switzerland Lausanne
46%
185,972 France Le Havre
46%
145,292 Germany Potsdam
46%
196,565 France Reims
46%
372,775 United Kingdom Stoke-on-Trent
46%
252,791 United Kingdom Wolverhampton
46%
126,766 Spain Cádiz
45%
198,491 Spain Pamplona
45%
168,701 France Toulon
45%
149,245 Sweden Uppsala
45%
270,468 United Kingdom Derby
44%
147,710 United Kingdom Dundee
44%
215,966 Germany Freiburg im Breisgau
44%
181,194 Netherlands Groningen
44%
258,018 United Kingdom Luton
44%
219,948 Italy Messina
44%
889,680 Russia Voronezh
44%
239,409 United Kingdom Blackpool
43%
480,951 Belarus Homyel
43%
212,207 Germany Lübeck
43%
128,618 Finland Oulu
43%
317,864 Spain Valladolid
43%
185,357 Spain Donostia / San Sebastián
42%
283,799 Germany Karlsruhe
42%
381,847 Spain Las Palmas de Gran Canaria
42%
229,826 Germany Magdeburg
42%
184,997 Germany Mainz
42%
313,088 Czechia Ostrava
42%
318,014 United Kingdom Reading
42%
112,787 France Rouen
42%
360,797 Germany Wuppertal
42%
299,310 United Kingdom Bradford
41%
204,124 Hungary Debrecen
41%
117,763 United Kingdom Exeter
41%
178,835 United Kingdom Ipswich
41%
236,563 Slovakia Košice
41%
158,886 Italy Modena
41%
105,334 France Nancy
41%
250,000 Serbia Niš
41%
181,227 Germany Saarbrücken
41%
141,621 France Tours
41%
120,451 Germany Ulm
41%
796,217 Ukraine Zaporizhia
41%
385,729 Germany Bochum
40%
200,132 Belgium Charleroi
40%
256,760 Finland Espoo
40%
261,742 Germany Mönchengladbach
40%
121,610 Norway Stavanger
40%
315,053 Romania Timişoara
40%
121,394 Portugal Braga
39%
184,826 Italy Brescia
39%
195,966 Bulgaria Burgas
39%
270,028 Germany Gelsenkirchen
39%
145,931 Denmark Odense
39%
157,000 Moldova Tiraspol
39%
348,783 Russia Arkhangelsk
38%
247,220 Germany Chemnitz
38%
277,554 Spain Gijón
38%
415,159 Russia Kursk
38%
122,378 Netherlands Maastricht
38%
123,914 France Metz
38%
142,707 United Kingdom Middlesbrough
38%
124,149 France Orléans
38%
164,180 Czechia Plzeň
38%
335,415 United Kingdom Sunderland
38%
363,926 Poland Bydgoszcz
37%
110,624 France Caen
37%
303,399 Romania Constanţa
37%
837,900 Russia Saratov
37%
123,064 Germany Wolfsburg
37%
168,279 France Angers
36%
221,106 Bosnia and Herzegovina Banja Luka
36%
203,254 Germany Erfurt
36%
271,573 Russia Groznyy
36%
143,345 Germany Heidelberg
36%
320,477 Ukraine Kherson
36%
326,861 Russia Smolensk
36%
218,717 Russia Veliky Novgorod
36%
188,810 Spain Almería
35%
114,162 Italy Bergamo
35%
294,001 Poland Białystok
35%
122,034 Albania Durrës
35%
150,053 United Kingdom Gloucester
35%
104,518 Bosnia and Herzegovina Mostar
35%
168,034 Greece Pátra
35%
118,673 Italy Rimini
35%
176,280 France Saint-Étienne
35%
182,700 Spain Santander
35%
336,460 Ukraine / Russia Simferopol
35%
345,373 Russia Vladimir
35%
234,107 Germany Halle
34%
144,515 France Le Mans
34%
134,305 Spain León
34%
143,086 France Amiens
33%
356,402 Russia Belgorod
33%
146,521 United Kingdom Blackburn
33%
147,590 Netherlands Haarlem
33%
318,012 Romania Iaşi
33%
162,738 Germany Leverkusen
33%
129,151 Germany Regensburg
33%
141,172 Croatia Rijeka
33%
295,310 United Kingdom Southend-on-Sea
33%
520,339 Russia Astrakhan
32%
141,331 United Kingdom Bolton
32%
117,446 Germany Bremerhaven
32%
249,139 Poland Gdynia
32%
194,501 Germany Kassel
32%
141,176 France Limoges
32%
306,844 United Kingdom Newport
32%
148,236 France Nîmes
32%
224,005 Spain Oviedo
32%
163,379 United Kingdom Peterborough
32%
313,332 United Kingdom Preston
32%
155,619 Spain Salamanca
32%
719,632 Russia Tolyatti
32%
244,715 Germany Braunschweig
31%
167,673 Netherlands Breda
31%
181,082 Italy Taranto
31%
272,432 Germany Wiesbaden
31%
652,380 Ukraine Kryvyi Rih
30%
153,773 Italy Livorno
30%
229,941 United Kingdom Milton Keynes
30%
159,218 Germany Oldenburg
30%
156,649 Hungary Pécs
30%
140,323 Spain Tarragona
30%
199,613 Netherlands Tilburg
30%
501,169 Russia Tula
30%
178,966 Spain Burgos
29%
138,681 France Clermont-Ferrand
29%
185,327 Germany Hamm
29%
120,658 Germany Ingolstadt
29%
104,712 Germany Jena
29%
181,128 Lithuania Klaipėda
29%
510,840 Ukraine Mykolayiv
29%
548,331 Russia Orenburg
29%
166,462 Germany Osnabrück
29%
101,092 Estonia Tartu
29%
100,129 Germany Trier
29%
101,659 United Kingdom Worcester
29%
133,731 Germany Würzburg
29%
126,470 Türkiye Edirne
28%
107,319 Germany Koblenz
28%
257,038 Spain L'Hospitalet de Llobregat
28%
134,623 Spain Marbella
28%
158,732 Netherlands Nijmegen
28%
185,609 United Kingdom Swindon
28%
591,486 Russia Yaroslavl
28%
146,821 France Aix-en-Provence
27%
276,088 Romania Braşov
27%
415,721 Russia Bryansk
27%
106,582 Portugal Coimbra
27%
167,164 Spain Getafe
27%
317,365 Belarus Grodno
27%
114,879 United Kingdom Lincoln
27%
110,706 France Perpignan
27%
116,596 Italy Pescara
27%
133,296 Italy Reggio nell'Emilia
27%
125,797 Italy Salerno
27%
222,417 Spain Santa Cruz de Tenerife
27%
342,700 Belarus Vitebsk
27%
211,996 Spain Cartagena
26%
121,859 United Kingdom Colchester
26%
140,385 Germany Darmstadt
26%
230,112 Spain Elche
26%
149,017 United Kingdom Huddersfield
26%
207,532 Spain Jérez de la Frontera
26%
144,651 Greece Lárisa
26%
106,502 Sweden Linköping
26%
219,176 Germany Oberhausen
26%
120,137 Italy Perugia
26%
150,092 United Kingdom Poole
26%
203,279 Russia Pskov
26%
524,927 Russia Ryazan
26%
403,606 Russia Tver
26%
614,786 Russia Ulyanovsk
26%
141,674 Netherlands Arnhem
25%
128,265 Hungary Győr
25%
148,806 Spain Huelva
25%
237,984 Germany Krefeld
25%
119,713 Netherlands Leiden
25%
572,076 Russia Makhachkala
25%
115,765 Sweden Örebro
25%
107,118 Spain Reus
25%
398,539 Russia Stavropol
25%
164,883 Hungary Szeged
25%
125,707 United Kingdom Watford
25%
169,716 Spain Albacete
24%
176,432 Netherlands Almere
24%
307,684 Ukraine Chernihiv
24%
153,655 Netherlands Enschede
24%
137,032 Italy Foggia
24%
198,972 Germany Hagen
24%
508,887 Russia Lipetsk
24%
111,430 France Mulhouse
24%
106,284 Belgium Namur
24%
142,161 Germany Paderborn
24%
317,847 Ukraine Poltava
24%
235,661 Spain Vitoria-Gasteiz
24%
122,149 Germany Göttingen
23%
104,250 Sweden Helsingborg
23%
408,330 Russia Ivanovo
23%
116,557 Spain Jaén
23%
163,196 Germany Ludwigshafen am Rhein
23%
219,547 Spain Badalona
22%
128,426 France Besançon
22%
111,564 Latvia Daugavpils
22%
158,141 United Kingdom Doncaster
22%
100,847 Portugal Funchal
22%
369,200 Belarus Mahilyow
22%
119,618 Italy Monza
22%
119,192 Germany Offenbach
22%
517,311 Russia Penza
22%
181,820 Italy Prato
22%
164,359 Germany Solingen
22%
294,456 Ukraine Sumy
22%
204,954 Poland Toruń
22%
190,058 Finland Vantaa
22%
175,405 United Kingdom Wigan
22%
111,805 Netherlands Zwolle
22%
136,670 Netherlands Apeldoorn
21%
148,334 Spain Badajoz
21%
236,796 Poland Częstochowa
21%
294,087 Romania Galaţi
21%
627,734 Russia Izhevsk
21%
202,196 Poland Kielce
21%
473,695 Russia Kirov
21%
163,688 Greece Piraeus
21%
134,520 Netherlands s-Hertogenbosch
21%
304,142 Romania Craiova
20%
171,000 Germany Mülheim
20%
163,777 United Kingdom Slough
20%
107,129 Italy Vicenza
20%
149,422 United Kingdom Burnley
19%
102,675 Germany Erlangen
19%
112,025 Germany Fürth
19%
215,494 Russia Kerch
19%
117,746 Sweden Västerås
19%
169,065 Romania Arad
18%
106,184 Germany Bergisch Gladbach
18%
180,005 Spain Castelló de la Plana
18%
113,057 United Kingdom Chesterfield
18%
172,108 Germany Herne
18%
324,698 Russia Kaluga
18%
135,919 Spain Lleida
18%
152,107 Spain Logroño
18%
158,000 Ukraine Melitopol
18%
104,782 United Kingdom Oldham
18%
317,747 Russia Orël
18%
107,742 Spain Ourense
18%
203,725 Italy Padova
18%
171,464 Kosovo Prizren
18%
221,287 Poland Radom
18%
255,106 Ukraine Rivne
18%
131,445 France Villeurbanne
18%
165,456 United Kingdom Warrington
18%
139,914 Netherlands Amersfoort
17%
325,264 United Kingdom Birkenhead
17%
453,721 Russia Cheboksary
17%
111,511 United Kingdom Chelmsford
17%
116,447 United Kingdom Cheltenham
17%
202,578 Türkiye Çorlu
17%
187,474 Poland Gliwice
17%
120,733 Germany Heilbronn
17%
204,200 Ukraine Ivano-Frankivsk
17%
213,661 Ukraine Lutsk
17%
407,775 Russia Magnitogorsk
17%
122,438 Germany Recklinghausen
17%
117,110 Portugal Setúbal
17%
107,242 Germany Siegen
17%
139,052 United Kingdom Stockport
17%
310,231 Russia Tambov
17%
210,941 Spain Terrassa
17%
352,115 Ukraine Vinnytsia
17%
236,250 Ukraine Chernivtsi
16%
180,508 United Kingdom Crawley
16%
147,473 Serbia Kragujevac
16%
152,457 Germany Neuss
16%
119,313 Germany Pforzheim
16%
228,851 Romania Ploieşti
16%
156,238 Bulgaria Ruse
16%
206,493 Spain Sabadell
16%
235,676 Ukraine Ternopil
16%
142,486 Bosnia and Herzegovina Tuzla
16%
311,693 Russia Vladikavkaz
16%
116,209 Spain Algeciras
15%
178,858 Portugal Amadora
15%
119,909 Germany Bottrop
15%
119,260 Netherlands Dordrecht
15%
118,219 United Kingdom Eastbourne
15%
202,419 Russia Engels
15%
268,742 Russia Kostroma
15%
172,637 Hungary Miskolc
15%
101,268 Czechia Olomouc
15%
206,614 Romania Oradea
15%
261,987 Russia Petrozavodsk
15%
187,961 Russia Podolsk
15%
112,627 Germany Reutlingen
15%
179,952 Poland Rzeszów
15%
130,587 Lithuania Šiauliai
15%
122,287 Türkiye Tekirdağ
15%
147,980 United Kingdom Telford
15%
301,755 Russia Vologda
15%
135,618 United Kingdom West Bromwich
15%
282,192 Ukraine Zhytomyr
15%
106,940 United Kingdom Bedford
14%
108,782 France Boulogne-Billancourt
14%
297,568 Ukraine Cherkasy
14%
134,160 United Kingdom Grimsby
14%
103,052 Germany Hildesheim
14%
107,816 Germany Moers
14%
297,415 Russia Saransk
14%
151,894 Romania Sibiu
14%
100,000 Serbia Subotica
14%
167,967 Spain Alcorcón
13%
199,059 United Kingdom Dudley
13%
197,836 Spain Fuenlabrada
13%
104,659 Germany Gera
13%
133,422 United Kingdom Hastings
13%
173,700 Ukraine Kramatorsk
13%
186,066 Spain Leganés
13%
206,478 Spain Móstoles
13%
240,203 Russia Nalchik
13%
131,867 Poland Opole
13%
117,118 Germany Remscheid
13%
117,618 United Kingdom Rotherham
13%
181,128 Poland Zabrze
13%
204,574 Spain Alcalá de Henares
12%
220,517 Belarus Babruysk
12%
125,000 Moldova Bălţi
12%
143,919 Belarus Barysaw
12%
213,569 Romania Brăila
12%
122,943 Spain Dos Hermanas
12%
124,668 Poland Elbląg
12%
103,749 Russia Elista
12%
133,204 United Kingdom High Wycombe
12%
207,425 Russia Khimki
12%
513,193 Russia Naberezhnye Chelny
12%
241,952 Russia Novorossiysk
12%
174,645 Poland Olsztyn
12%
169,140 Italy Reggio di Calabria
12%
101,079 Germany Salzgitter
12%
143,431 Bulgaria Stara Zagora
12%
102,555 United Kingdom St Helens
12%
257,681 Russia Taganrog
12%
114,053 Poland Tarnów
12%
103,932 United Kingdom Woking
12%
164,423 Bosnia and Herzegovina Zenica
12%
137,479 Poland Zielona Góra
12%
101,475 France Argenteuil
11%
136,553 Romania Baia Mare
11%
174,534 Poland Bielsko-Biała
11%
176,902 Poland Bytom
11%
312,310 Russia Cherepovets
11%
398,346 Ukraine Khmelnytskyi
11%
109,248 Poland Koszalin
11%
376,610 Ukraine Makiyivka
11%
171,958 United Kingdom Mansfield
11%
130,777 Belarus Pinsk
11%
118,675 Bulgaria Pleven
11%
124,553 Poland Płock
11%
239,987 Russia Shakhty
11%
187,600 United Kingdom Sutton
11%
235,006 Russia Syktyvkar
11%
171,396 Romania Bacău
10%
215,494 Russia Balashikha
10%
111,692 Poland Chorzów
10%
173,314 United Kingdom Croydon
10%
101,187 United Kingdom Gillingham
10%
278,550 Ukraine Horlivka
10%
227,494 Ukraine Kremenchuk
10%
107,627 United Kingdom Maidstone
10%
107,045 Kosovo Mitrovicë
10%
239,800 Russia Orsk
10%
167,669 Romania Piteşti
10%
200,771 Russia Rybinsk
10%
216,420 Poland Sosnowiec
10%
146,863 Romania Târgu-Mureş
10%
314,255 Russia Volzhskiy
10%
172,141 United Kingdom Walsall
10%
248,782 Russia Yoshkar-Ola
10%
144,859 United Kingdom Basildon
9%
107,642 United Kingdom Basingstoke
9%
118,284 Ukraine Berdyansk
9%
240,742 Russia Dzerzhinsk
9%
100,903 Albania Elbasan
9%
124,534 Poland Gorzów Wielkopolski
9%
130,500 Ukraine Nikopol
9%
142,510 Poland Ruda Śląska
9%
112,490 Romania Satu Mare
9%
221,085 Russia Staryy Oskol
9%
170,841 Russia Volgodonsk
9%
199,690 Russia Balakovo
8%
168,772 Belarus Baranovichi
8%
119,200 Russia Derbent
8%
155,196 Russia Elektrostal
8%
249,454 Ukraine Kropyvnytskyi
8%
121,722 Spain Mataró
8%
144,249 Russia Maykop
8%
179,834 Russia Mytishchi
8%
170,841 Russia Novocherkassk
8%
116,298 Hungary Nyíregyháza
8%
117,395 Lithuania Panevėžys
8%
142,511 Russia Pyatigorsk
8%
192,353 Russia Severodvinsk
8%
273,486 Russia Sterlitamak
8%
105,796 Romania Suceava
8%
129,378 Poland Tychy
8%
117,878 Ukraine Uzhgorod
8%
101,247 Germany Witten
8%
115,845 Netherlands Zoetermeer
8%
188,832 Russia Armavir
7%
199,163 Ukraine Bila Tserkva
7%
122,199 United Kingdom Burton upon Trent
7%
125,905 Poland Dąbrowa Górnicza
7%
105,386 Poland Kalisz
7%
183,402 Russia Korolev
7%
103,238 Poland Legnica
7%
140,924 Poland Rybnik
7%
178,750 Russia Syzran
7%
118,162 Spain Torrejón de Ardoz
7%
120,715 Poland Wałbrzych
7%
140,085 Netherlands Zaanstad
7%
107,514 Spain Alcobendas
6%
110,175 Moldova Bender
6%
114,783 Romania Botoşani
6%
130,954 Romania Buzău
6%
129,069 Russia Cherkessk
6%
248,575 Ukraine Kamianske
6%
109,847 Hungary Kecskemét
6%
116,896 Russia Krasnogorsk
6%
150,661 Spain La Laguna
6%
234,044 Russia Nizhnekamsk
6%
131,386 Russia Novomoskovsk
6%
104,739 Russia Obninsk
6%
115,611 Spain Parla
6%
119,717 Spain Santa Coloma de Gramenet
6%
130,000 Ukraine Syevyerodonetsk
6%
116,783 Poland Włocławek
6%
106,202 Ukraine Yevpatoriya
6%
146,393 Russia Almetyevsk
5%
156,466 Russia Berezniki
5%
117,072 Serbia Čačak
5%
100,641 Greece Kallithéa
5%
144,589 Russia Kolomna
5%
145,214 Russia Kovrov
5%
172,525 Russia Lyubertsy
5%
112,137 Belarus Mazyr
5%
138,930 Russia Odintsovo
5%
125,347 Belarus Orsha
5%
115,932 Ukraine Pavlohrad
5%
139,981 Greece Peristéri
5%
156,095 Russia Salavat
5%
124,800 Ukraine Sloviansk
5%
101,600 Hungary Székesfehérvár
5%
174,962 Russia Zlatoust
5%
116,000 Ukraine Alchevsk
4%
106,362 Russia Arzamas
4%
183,430 France Cergy-Pontoise
4%
108,368 United Kingdom Dagenham
4%
122,580 Russia Dimitrovgrad
4%
100,996 Russia Essentuki
4%
131,187 Russia Khasavyurt
4%
128,553 Russia Kislovodsk
4%
111,600 Ukraine Lysychansk
4%
147,662 Italy Mestre
4%
116,075 Russia Murom
4%
100,072 Russia Noginsk
4%
111,075 Russia Novoshakhtinsk
4%
102,688 Romania Piatra Neamţ
4%
101,614 Belarus Salihorsk
4%
127,041 Russia Serpukhov
4%
102,346 Romania Drobeta-Turnu Severin
3%
108,404 Russia Elets
3%
103,970 United Kingdom Enfield
3%
119,565 Russia Kamyshin
3%
100,129 Russia Kaspiysk
3%
121,733 Russia Neftekamsk
3%
118,360 Russia Nevinnomyssk
3%
124,097 Russia Novocheboksarsk
3%
103,000 Ukraine Oleksandriya
3%
120,670 Russia Orekhovo-Zuevo
3%
102,874 Russia Pushkino
3%
107,030 United Kingdom Sutton Coldfield
3%
100,015 Spain Telde
3%
111,843 Russia Bataysk
2%
228,000 United Kingdom Bexley
2%
185,400 Ireland Dún Laoghaire
2%
132,734 Netherlands Hoofddorp
2%
100,000 Ukraine Kamianets-Podilskyi
2%
101,300 Belarus Maladzyechna
2%
100,885 Belarus Navapolatsk
2%
108,438 Russia Novokuybyshevsk
2%
109,474 Russia Oktyabrskiy
2%
124,528 Russia Pervouralsk
2%
139,606 Sweden Sollentuna
2%
101,792 Spain Torrevieja
2%
155,591 Serbia Zemun
2%
107,558 Romania Râmnicu Vâlcea
1%
146,598 France Saint-Quentin-en-Yvelines
1%
101,381 Russia Sarapul
1%
110,411 Russia Shchelkovo
1%
115,536 Russia Novo-Peredelkino
0%
103,399 Portugal Queluz
0%
104,101 Ukraine Yenakiyeve
0%
131,257 Russia Zheleznodorozhnyy
0%
104,736 Russia Zhukovskiy
0%
No matching quizzes found
Score Distribution
Percent of People with Each Score
Percentile by Number Answered
Your Score History
You have not taken this quiz since the last reset